| 000 | 00457 a2200133 4500 | ||
|---|---|---|---|
| 082 | _a658.4013 | ||
| 090 |
_c5468 _d5468 |
||
| 100 | _aPakistan Institue of Quality Control | ||
| 245 |
_aPakistan 1st International Convention on Quality Control _bISO 9000 to TQM oct 7-9,1995 Karachi _cPakistan Institute of Quality Control |
||
| 260 |
_aKarachi, Pakistan _bIbrahim Publishers _c1995 |
||
| 300 | _a359 | ||
| 500 | _apapercover | ||
| 942 |
_aNBS _cBK _k658.4013 ICQ |
||
| 999 |
_c347875 _d347875 |
||